000 00368nam a2200145Ia 4500
008 230711s9999||||xx |||||||||||||| ||und||
041 _aENG
082 _a720
_bHO-J
100 _aHoffman,Edward
245 0 _aJig and fixtures design
250 _a1st Ed.
260 _c1971
_aNew Delhi
_bGalgotia Publications Pvt.Ltd
650 _aMechanical Engineering
942 _cBK
999 _c1210
_d1210